| 000 | 00339nam a2200121 a 4500 | ||
|---|---|---|---|
| 001 | 000046119 | ||
| 005 | 20201002052641.0 | ||
| 008 | 150624s1995 000 spa d | ||
| 040 |
_aDO-SdBNP _bspa _cBNPHU |
||
| 245 | 4 | _aLas mujeres :. | |
| 260 |
_aSanto Domingo, República Dominicana, : _bBúho, _c1995. |
||
| 300 |
_a36 p. : _bil. : ; _c28 cm. |
||
| 999 |
_c45608 _d45608 |
||